Nâng cao năng lực tiếng Nhật, bài tập ngữ pháp dành cho kỳ thi năng lực tiếng Nhật 3 kyu

Gorde:
Xehetasun bibliografikoak
Formatua: Liburua
Argitaratua: 2005
Etiketak: Etiketa erantsi
Etiketarik gabe, Izan zaitez lehena erregistro honi etiketa jartzen!
Thư viện lưu trữ: Mạng thư viện Đại học Đà Nẵng
LEADER 00515nam a22001811a 4500
001 000038677
003 14972
005 20160412021434.0
008 160412s2005 000
082 |a 4N(07)232 
245 |a Nâng cao năng lực tiếng Nhật, bài tập ngữ pháp dành cho kỳ thi năng lực tiếng Nhật 3 kyu  |c Yunikomu 
260 |c 2005 
OWN |a LNN 
999 |a From the UDN01 
TYP |a Monograph 
980 |a Mạng thư viện Đại học Đà Nẵng